Srimad Rahasyatrayasara of Sri Vedantadesika / (Record no. 9867)
[ view plain ]
| 000 -LEADER | |
|---|---|
| campo de control de longitud fija | 00683ntaaa2200205 4500 |
| 003 - IDENTIFICADOR DE NÚMERO DE CONTROL | |
| campo de control | 01 |
| 005 - FECHA Y HORA DE LA ÚLTIMA TRANSACCIÓN | |
| campo de control | 20251027201529.0 |
| 008 - DATOS DE LONGITUD FIJA--INFORMACIÓN GENERAL | |
| campo de control de longitud fija | 0714s1973 ag 01 |
| 040 ## - FUENTE DE CATALOGACIÓN | |
| Centro catalogador/agencia de origen | AR-BaBN |
| Lengua de catalogación | spa |
| Centro/agencia transcriptor | AR-BaBN |
| Normas de descripción | aacr |
| Centro/agencia modificador | RIC |
| 082 ## - NÚMERO DE LA CLASIFICACIÓN DECIMAL DEWEY | |
| Número de clasificación | 181.4 V51s |
| 100 ## - ENTRADA PRINCIPAL--NOMBRE DE PERSONA | |
| Nombre de persona | Vedantadesika |
| 9 (RLIN) | 13936 |
| 245 ## - MENCIÓN DEL TÍTULO | |
| Título | Srimad Rahasyatrayasara of Sri Vedantadesika / |
| Mención de responsabilidad, etc. | Vedantadesika, M. R. Rajagopala Ayyangar |
| 250 ## - MENCION DE EDICION | |
| Mención de edición | 1 ed. |
| 260 ## - PUBLICACIÓN, DISTRIBUCIÓN, ETC. | |
| Lugar de publicación, distribución, etc. | Kumbakonam : |
| Nombre del editor, distribuidor, etc. | Agnihothram Ramanuja Thathachariar, |
| Fecha de publicación, distribución, etc. | 1956 |
| 300 ## - DESCRIPCIÓN FÍSICA | |
| Extensión | 594 p.:retr. ; |
| Dimensiones | 22 cm |
| 500 ## - NOTA GENERAL | |
| Nota general | "Translated in English with introdution and notes by M.R. Rajagopala Ayyangar. |
| 650 ## - PUNTO DE ACCESO ADICIONAL DE MATERIA--TÉRMINO DE MATERIA | |
| Término de materia o nombre geográfico como elemento de entrada | Hinduismo |
| 9 (RLIN) | 13567 |
| 700 ## - ENTRADA AGREGADA--NOMBRE PERSONAL | |
| Nombre de persona | Ayyangar, M. R. Rajagopala |
| 9 (RLIN) | 13937 |
| 942 ## - ELEMENTOS DE ENTRADA SECUNDARIOS (KOHA) | |
| Tipo de ítem Koha | Colección General |
| Estatus retirado | Estado de pérdida | Estado de daño | No para préstamo | Biblioteca de origen | Biblioteca actual | Fecha de adquisición | Número de inventario | Total de préstamos | Signatura topográfica completa | Código de barras | Visto por última vez | Precio de reemplazo | Tipo de ítem Koha |
|---|---|---|---|---|---|---|---|---|---|---|---|---|---|
| Biblioteca Pluis | Biblioteca Pluis | 27/10/2025 | 040992 | 181.4 V51s | 040992 | 27/10/2025 | 27/10/2025 | Colección General |
